Battle of Chhamb 1971 / (Record no. 190503)
[ view plain ]
| 000 -LEADER | |
|---|---|
| fixed length control field | 00433 a2200157 4500 |
| 003 - CONTROL NUMBER IDENTIFIER | |
| control field | Nust |
| 005 - DATE AND TIME OF LATEST TRANSACTION | |
| control field | 20230213115323.0 |
| 040 ## - CATALOGING SOURCE | |
| Transcribing agency | Nust |
| 082 ## - DEWEY DECIMAL CLASSIFICATION NUMBER | |
| Classification number | 954.9185,SAE |
| 100 ## - MAIN ENTRY--PERSONAL NAME | |
| Personal name | Saeed, Ahmad |
| 9 (RLIN) | 46147 |
| 245 ## - TITLE STATEMENT | |
| Title | Battle of Chhamb 1971 / |
| Statement of responsibility, etc. | Ahmad Saeed, |
| 260 ## - PUBLICATION, DISTRIBUTION, ETC. | |
| Place of publication, distribution, etc. | Army Press educationn |
| Date of publication, distribution, etc. | 2001 |
| 300 ## - PHYSICAL DESCRIPTION | |
| Extent | 88 p |
| 505 ## - FORMATTED CONTENTS NOTE | |
| Formatted contents note | Writing (Page-1), Maps and Sketchers (Page-6), Photographs (Page-18). |
| 942 ## - ADDED ENTRY ELEMENTS (KOHA) | |
| Source of classification or shelving scheme | |
| Koha item type | Book |
| Call number prefix | 954.9185,SAE |
| Withdrawn status | Lost status | Source of classification or shelving scheme | Damaged status | Not for loan | Permanent Location | Current Location | Shelving location | Date acquired | Full call number | Barcode | Date last seen | Price effective from | Koha item type | Public note | Collection code | Total Checkouts |
|---|---|---|---|---|---|---|---|---|---|---|---|---|---|---|---|---|
| Military College of Signals (MCS) | Military College of Signals (MCS) | General Stacks | 12/12/2016 | 954.9185,SAE | MCS28383 | 12/08/2016 | 12/12/2016 | Book | Almirah No. 62, Shelf No. 3 | |||||||
| Military College of Signals (MCS) | Military College of Signals (MCS) | 12/12/2016 | 954.9185 SAE | MCS28385 | 12/08/2016 | 12/12/2016 | Book | |||||||||
| Military College of Signals (MCS) | Military College of Signals (MCS) | General Stacks | 02/13/2023 | 954.9185,SAE | MCS28386 | 02/13/2023 | 02/13/2023 | Book | Almirah No. 62, Shelf No. 3 |
